Sounder / (Record no. 4632)

MARC details
000 -LEADER
fixed length control field 00890nam a22002537a 4500
001 - CONTROL NUMBER
control field 4632
003 - CONTROL NUMBER IDENTIFIER
control field FISKH
005 - DATE AND TIME OF LATEST TRANSACTION
control field 20240918130526.0
008 - FIXED-LENGTH DATA ELEMENTS--GENERAL INFORMATION
fixed length control field 240918b cb ||||| |||| 00| 0 eng d
020 ## - INTERNATIONAL STANDARD BOOK NUMBER
International Standard Book Number 9780439217873
040 ## - CATALOGING SOURCE
Original cataloging agency FISKH
Language of cataloging eng
Transcribing agency FISKH
Modifying agency FISKH
050 ## - LIBRARY OF CONGRESS CALL NUMBER
Classification number PZ7.A73394
082 ## - DEWEY DECIMAL CLASSIFICATION NUMBER
Edition number 823.9
100 ## - MAIN ENTRY--PERSONAL NAME
Personal name H.Armstrong, William
Dates associated with a name (1911–1999)
245 ## - TITLE STATEMENT
Title Sounder /
Statement of responsibility, etc. By William H.Armstrong illustrations by Jame Barkley
250 ## - EDITION STATEMENT
Edition statement Published in 1969
260 ## - PUBLICATION, DISTRIBUTION, ETC.
Place of publication, distribution, etc. New York :
Name of publisher, distributor, etc. Scholastic,
Date of publication, distribution, etc. 1969.
300 ## - PHYSICAL DESCRIPTION
Extent 116 pages :
Dimensions 20cm
520 ## - SUMMARY, ETC.
Summary, etc. Angry and humiliated when his sharecropper father is jailed for stealing food for his family, a young black boy grows in courage and understanding by learning to read and with the help of the devoted dog Sounder.
650 ## - SUBJECT ADDED ENTRY--TOPICAL TERM
Source of heading or term Animals
Topical term or geographic name entry element Newbery
650 ## - SUBJECT ADDED ENTRY--TOPICAL TERM
Source of heading or term Fiction
Topical term or geographic name entry element African American
942 ## - ADDED ENTRY ELEMENTS (KOHA)
Source of classification or shelving scheme Dewey Decimal Classification
Koha item type Books
Suppress in OPAC No
Holdings
Withdrawn status Lost status Source of classification or shelving scheme Damaged status Not for loan Collection Home library Current library Shelving location Date acquired Total Checkouts Full call number Barcode Date last seen Copy number Price effective from Koha item type
    Dewey Decimal Classification     Fiction Footprints International School Library Network Toul Tom Poung Campus Footprints International School Library Network Toul Tom Poung Campus TTP Secondary Fiction Bookshelves 09/18/2024   ARM 823.9 PZ7.A73394 2024-2013 09/18/2024 1 09/18/2024 Books
    Dewey Decimal Classification     Fiction Footprints International School Library Network Toul Tom Poung Campus Footprints International School Library Network Toul Tom Poung Campus TTP Secondary Fiction Bookshelves 09/18/2024   ARM 823.9 PZ7.A73394 2024-2014 09/18/2024 2 09/18/2024 Books
    Dewey Decimal Classification     Fiction Footprints International School Library Network Toul Tom Poung Campus Footprints International School Library Network Toul Tom Poung Campus TTP Secondary Fiction Bookshelves 09/18/2024   ARM 823.9 PZ7.A73394 2024-2015 09/18/2024 3 09/18/2024 Books
    Dewey Decimal Classification     Fiction Footprints International School Library Network Toul Tom Poung Campus Footprints International School Library Network Toul Tom Poung Campus TTP Secondary Fiction Bookshelves 07/25/2025   ARM 823.9 PZ7.A73394 2025-2825 07/25/2025 4 07/25/2025 Books